000 00784cab a2200265 4500
001 ABS57607
008 090401t1997 xxu||||| |||| 00| 0 eng d
035 _a(Sirsi) u80946
041 _aeng
100 _aPannell, B.
245 _aAffordability
260 _c1997
350 _a0
490 _aHousing Finance
_v(35) August 1997, 10-17(8)
520 _aDiscusses the concept of affordability within the context of the housing market. Defines affordability and explores ways of measuring it. Statistics.
650 _aAFFORDABILITY
650 _aHOUSE BUYERS
650 _aHOUSE PRICE EARNINGS RATIO
650 _aHOUSE PRICES
650 _aHOUSING MARKET
650 _aMORTGAGE PAYMENTS
690 _aHOUSING-HOUSING FINANCE
942 _n0
948 _c17/09/1997
999 _c50988
_d50988